Famous People Quotes Pt 3 - Statistics

General Stats
  • This quiz has been taken 10 times
  • The average score is 2 of 15
Answer Stats
Hint Answer % Correct
What animal wakes you up in the morning? Rooster
67%
What is 2 raised to the ninth power? 512
33%
Who is the 28th President of the USA? Woodrow Wilson
33%
What is "Pain au chocolat" Chocolate Bread
17%
What year was McDonald's founded 1940
0%
How many years old is the Earth? 4.5 billion
0%
How old is grimace? 52
0%
How old is too old? 92
0%
What is Ebix nickname? Blue Balls
0%
We are... Mr Gergs
0%
Who won the 36th Super Bowl Patriots
0%
What is the chuben hand? pocket sevens
0%
What is the worst hand in poker? Queens
0%
What is the last step of the water cycle? Run off
0%
Shi Thead's favorite person Ryan Yack
0%
No matching quizzes found
Score Distribution
Percent of People with Each Score
Percentile by Number Answered
Your Score History
You have not taken this quiz